[Event "EICC 2017"]
[Site "Minsk"]
[Date "2017.06.06"]
[Round "7"]
[White "Howell, David W L"]
[Black "Melkumyan, Hrant"]
[Result "1-0"]
[WhiteElo "2684"]
[BlackElo "2613"]
[Annotator "TA"]
[PlyCount "115"]
[EventDate "2017.??.??"]
[EventCountry "BLR"]
[SourceTitle "playchess.com"]
[Source "ChessBase"]
[SourceQuality "1"]

{[%evp 23,115,28,17,12,13,10,11,16,58,16,10,0,86,89,88,80,99,75,93,46,47,37,49,12,32,12,59,49,121,122,116,112,116,113,101,96,97,60,69,0,0,0,0,0,0,-25,0,0,0,0,0,-25,488,509,500,0,500,492,678,678,676,678,674,672,609,511,29974,29976,29975,29959,29953,29952,5593,5509,29978,29979,29979,626,536,0,29979,29980,29980,29981,29981,29982,29982,29983,29984,29985,29985,29986,29986,29986]} 1. c4 c6 2. Nc3 d5 3. d4 Nf6 4. cxd5 cxd5 5. Bf4 Nc6 6. e3 Bg4 7. Qb3 Na5 8. Qa4+ Bd7 9. Qc2 Rc8 10. Bd3 e6 11. Nf3 b5 12. a3 {[%cal Ba2a3,Ba3a4][%mdl 32]} Be7 {LiveBook: 33 Games. D14: Slav Defence: Exchange variation with ...Bf5} (12... Nc4 13. O-O Be7 14. Ne5 O-O 15. Qe2 a6 16. Rfc1 Be8 17. a4 Qb6 18. Bg5 h6 19. Bh4 Kh8 20. axb5 axb5 {½-½ (40) Jakovenko,D (2723)-Sjugirov,S (2653) Yerevan 2014}) 13. Qe2 a6 14. Ne5 O-O {The position is equal.} 15. O-O Qb6 $146 ({Predecessor:} 15... h6 16. a4 Nb3 17. Rad1 b4 18. Nxd7 Qxd7 19. Nb1 Qxa4 20. Bxa6 {1-0 (40) Kazhgaleyev,M (2570)-Dao,T (2481) Abu Dhabi 2016}) 16. a4 b4 17. Nb1 Ra8 (17... Nb3 $11 18. Bxh7+ (18. Nxd7 Nxd7 19. Bxh7+ Kxh7 $15) 18... Nxh7 19. Nxd7 Qb7 20. Nxf8 Nxf8) 18. Bg5 $16 {[#] aiming for Bxf6.} Be8 19. Nd2 h6 20. Bh4 Rc8 21. b3 Rc3 22. Rab1 Qc7 23. f3 Bd6 24. f4 {[#] Hoping for Bxf6.} (24. Bxf6 $5 gxf6 25. Ng4 $11) 24... Be7 25. Rfd1 Ne4 ({Black should play} 25... Bc6 $14) 26. Bxe7 Qxe7 27. Bxe4 ({Resist} 27. Nxe4 dxe4 28. Bxe4 Nxb3 $11) ({Worse is} 27. Bxa6 Nxd2 28. Qxd2 Nxb3 $17) 27... dxe4 28. Nxe4 Rxb3 29. Rxb3 Nxb3 30. Rb1 f6 31. Nc4 ({Much weaker is} 31. Qxa6 fxe5 32. Rxb3 exf4 $11) ({White should try} 31. Nd3 $1 $14 Bxa4 32. Qa2) 31... Bg6 $1 $11 {[%cal Rg6e4]} 32. Nxf6+ gxf6 33. Rxb3 Rc8 34. e4 Qd7 35. d5 $1 $36 {[%mdl 2048] White has good play.} exd5 36. exd5 Qxd5 37. Qg4 Rc7 $2 {[%mdl 8192]} (37... Qc5+ $11 {and Black has nothing to worry.} 38. Ne3 Kh7 39. Qd7+ Kh8) 38. Qxg6+ $18 Rg7 39. Qe8+ Kh7 {[%csl Gg7][%cal Rd5g2]} 40. Qe2 Rxg2+ 41. Qxg2 Qd1+ 42. Kf2 {Intending Qe4+ and mate.} Qxb3 43. Qe4+ Kg7 44. Nd6 Qc3 (44... a5 $18 45. Nf5+ Kh8 46. Qe8+ Qg8) 45. Qe7+ Kg8 46. Ne8 {[%csl Ge8][%cal Re7g7]} Qd4+ 47. Kg2 {[%csl Ge8][%cal Re7g7]} Qd5+ 48. Kg3 {[%csl Ge8][%cal Re7g7]} Qf7 49. Nxf6+ Kg7 50. Ne8+ (50. Qxf7+ $142 Kxf7 51. Nd7 b3 52. Ne5+ Ke6 53. Nd3 Kf5 54. a5 Kg6 55. Kf3) 50... Kg8 51. Nf6+ Kg7 $1 52. Qxf7+ {White mates.} Kxf7 {[%mdl 4096] Endgame KN-K3P} 53. Nd5 b3 54. f5 b2 55. Nc3 h5 56. h4 Ke7 57. Kf4 Kd6 58. Ke4 {Precision: White = 59%, Black = 44%.} 1-0

[Event "EICC 2017"]
[Site "Minsk"]
[Date "2017.06.06"]
[Round "7"]
[White "Movsesian, Sergei"]
[Black "Buhmann, Rainer"]
[Result "1-0"]
[WhiteElo "2680"]
[BlackElo "2596"]
[Annotator "TA"]
[PlyCount "71"]
[EventDate "2017.??.??"]
[EventCountry "BLR"]
[SourceTitle "playchess.com"]
[Source "ChessBase"]
[SourceQuality "1"]

{[%evp 26,71,0,0,8,0,6,0,0,0,0,-11,-16,-31,0,0,0,0,21,12,21,14,10,12,37,43,45,32,43,35,185,89,111,111,271,265,291,296,564,509,679,680,759,754,1050,1035,1150,1145]} 1. Nf3 d5 2. g3 c5 3. Bg2 Nc6 4. O-O e5 5. c4 d4 6. d3 Nf6 7. e3 Be7 8. exd4 exd4 9. Bf4 O-O 10. Ne5 Nxe5 11. Bxe5 Bd6 {A09: Réti Opening: 1 Nf3 d5 2 c4} (11... Ng4 12. Re1 Nxe5 13. Rxe5 Bd6 14. Re1 Bf5 15. Qc2 Qd7 16. Nd2 Rae8 17. Ne4 b6 18. f4 Re7 19. Qf2 Rfe8 {½-½ (37) Caruana,F (2823)-Anand,V (2779) Saint Louis 2016}) 12. Bxf6 Qxf6 13. Nd2 Rb8 14. Re1 {LiveBook: 3 Games} Bf5 15. Be4 Bd7 16. Bd5 $146 Qg6 17. Ne4 b6 18. h4 Be7 19. h5 Qg4 20. Qxg4 Bxg4 21. f4 Bd7 ({Not} 21... Bxh5 22. Nf2 $16) 22. Kg2 Rfe8 23. Kf3 Kf8 24. g4 f5 25. gxf5 Bxf5 26. Re2 (26. h6 $5 {[%cal Rd5c6]}) 26... Bd8 27. Rg1 Re7 {[#]} (27... h6 $1 $14) 28. Rg5 $40 {[%mdl 128] White wants a kill.} (28. h6 $1 $18 {is the precise move to win.}) 28... g6 29. Reg2 Rg7 $2 (29... Rd7 $16) 30. h6 $18 {White threatens Rxf5+! and mate.} Bxe4+ 31. dxe4 {Hoping for Rf5+!} ({Stronger than} 31. Kxe4 Re7+ 32. Re5 Bc7 $11) 31... Rc7 $2 (31... Rf7 32. Bxf7 Bxg5) 32. R5g4 {White is clearly winning.} Bf6 33. e5 Bh8 {[#]} 34. f5 $1 {[%mdl 512]} Bxe5 (34... gxf5 35. Rg8+) 35. fxg6 hxg6 36. Rxg6 {Precision: White = 59%, Black = 34%.} 1-0

[Event "EICC 2017"]
[Site "Minsk"]
[Date "2017.06.06"]
[Round "7"]
[White "Areshchenko, Alexander"]
[Black "Antipov, Mikhail Al"]
[Result "1/2-1/2"]
[WhiteElo "2677"]
[BlackElo "2576"]
[Annotator "TA"]
[PlyCount "45"]
[EventDate "2017.??.??"]
[EventCountry "BLR"]
[SourceTitle "playchess.com"]
[Source "ChessBase"]
[SourceQuality "1"]

{[%evp 17,45,19,39,34,37,32,37,35,38,38,32,35,36,29,50,31,43,38,38,38,44,0,6,0,0,0,0,0,0,-10]} 1. e4 c5 2. Nf3 Nc6 3. Bb5 d6 4. O-O Bd7 5. Re1 Nf6 6. c3 a6 7. Ba4 b5 8. Bc2 e5 9. h3 c4 {LiveBook: 3 Games. B51: Sicilian: Moscow Variation (3 Bb5+) without 3...Bd7} (9... Be7 10. d4 Qc7 11. Be3 O-O 12. d5 Na5 13. Nbd2 c4 14. Nf1 Nb7 15. g4 g6 16. Ng3 Ne8 17. Kh2 {1-0 (59) Fedoseev,V (2668)-Timofeev,A (2568) Taganrog 2015}) 10. d4 cxd3 $1 11. Qxd3 Be7 {White is slightly better.} 12. Bg5 Be6 13. Bxf6 $146 ({Predecessor:} 13. Nbd2 Nd7 14. Bxe7 Qxe7 15. Nf1 Na5 16. N3d2 O-O 17. Ne3 {½-½ (42) Svoboda,V (2428)-Oral,T (2528) Czechia 2014}) 13... Bxf6 14. Bb3 O-O 15. Nbd2 Ne7 {[%cal Bc6e7,Be7g6,Bg6f4][%mdl 32]} 16. Nf1 Ng6 17. Rad1 Be7 18. Ne3 Nf4 19. Qf1 {next Nxe5! is good for White.} Qc8 {The position is equal.} 20. Nd5 Bxd5 21. Bxd5 Rb8 22. Kh2 Kh8 23. g3 {Precision: White = 69%, Black = 66%.} 1/2-1/2

[Event "EICC 2017"]
[Site "Minsk"]
[Date "2017.06.06"]
[Round "7"]
[White "Rakhmanov, Aleksandr"]
[Black "Azarov, Sergei"]
[Result "1/2-1/2"]
[WhiteElo "2676"]
[BlackElo "2582"]
[Annotator "TA"]
[PlyCount "86"]
[EventDate "2017.??.??"]
[EventCountry "BLR"]

{[%evp 25,86,5,12,1,12,8,23,15,16,14,13,0,25,0,0,0,48,0,0,0,7,0,13,0,0,0,98,95,138,35,97,0,8,0,0,0,0,0,0,0,0,0,0,0,0,0,0,0,0,0,0,0,0,0,0,0,0,0,0,0,0,0,0]} 1. d4 Nf6 2. Nf3 e6 3. e3 c5 4. Bd3 d5 5. b3 Bd6 6. Bb2 O-O 7. Nbd2 Nc6 8. O-O b6 9. a3 Bb7 {D05: Colle System with ...e6} 10. Qe2 Rc8 11. Rad1 $146 ({Predecessor:} 11. Ne5 Ne7 12. dxc5 bxc5 13. c4 Qc7 14. f4 Nf5 15. cxd5 Nxd5 16. Ndc4 Nf6 17. e4 {½-½ (68) Sambuev,B (2539)-Mareco,S (2645) chess.com INT 2017}) 11... cxd4 12. exd4 Qe7 13. Ra1 Qc7 {LiveBook: 10 Games} 14. g3 Ne7 15. Rac1 Qb8 16. Rfe1 Rc7 17. Ng5 Qc8 18. h4 b5 19. c4 bxc4 20. bxc4 h6 {[#]} 21. Nxe6 $1 {[%mdl 512]} fxe6 (21... Qxe6 22. c5) 22. c5 {[#]} Bf4 $1 {[%mdl 512]} 23. gxf4 {[%cal Bg3f4,Bf4f5][%mdl 32]} Ne4 $1 24. Nxe4 (24. c6 $5 Bxc6 25. Nxe4 dxe4 26. Bxe4 $11) 24... dxe4 25. Bxe4 Nd5 (25... Rxf4 $11 26. c6 Bxc6 27. Bxc6 Nxc6 28. Qxe6+ Qxe6 29. Rxe6 Rb7) 26. f5 $16 {Hoping for fxe6.} Kh8 {[#]} 27. c6 (27. Qf3 $1 $16) 27... Bxc6 (27... Rxc6 $14 28. Rxc6 Bxc6) 28. a4 (28. Rc5 $16) 28... Qd8 {The position is equal.} 29. Ba3 exf5 30. Bxf8 fxe4 31. Qxe4 {aiming for Qf5.} Qxf8 {[#]} 32. Rxc6 $1 {[%mdl 512]} Rxc6 33. Qxd5 $11 {[%mdl 4096] Endgame KQR-KQR} Rc2 34. Qg2 Rd2 35. d5 Qf5 36. Re8+ Kh7 {...Rd4 is the strong threat.} 37. Re7 {[%csl Ge7][%cal Rg2g7]} Qb1+ 38. Kh2 {[%csl Ge7][%cal Rg2g7]} Qb8+ 39. Kh3 {[%csl Ge7][%cal Rg2g7]} Rd3+ 40. Re3 Qc8+ 41. Kh2 Qc7+ 42. Qg3 Qxg3+ 43. Kxg3 Rxd5 {Precision: White = 37%, Black = 48%.} 1/2-1/2

[Event "EICC 2017"]
[Site "Minsk"]
[Date "2017.06.06"]
[Round "7"]
[White "Motylev, Alexander"]
[Black "Svane, Rasmus"]
[Result "1-0"]
[WhiteElo "2665"]
[BlackElo "2573"]
[Annotator "TA"]
[PlyCount "117"]
[EventDate "2017.??.??"]
[EventCountry "BLR"]

{[%evp 17,117,10,10,10,10,10,6,7,5,3,10,0,0,0,0,-50,29,34,35,25,124,106,116,103,123,78,96,70,69,38,95,96,96,100,100,100,100,94,103,107,101,96,129,137,133,134,135,144,192,204,248,145,233,212,227,0,229,197,205,200,189,183,251,259,331,324,321,322,322,314,277,277,270,211,270,270,270,270,293,235,399,242,266,256,366,366,459,452,436,418,418,374,464,444,437,410,831,797,794,774,729,697]} 1. e4 e6 2. d4 d5 3. Nc3 Nf6 4. e5 Nfd7 5. f4 c5 6. Nf3 Nc6 7. Be3 a6 8. Qd2 b5 9. dxc5 Bxc5 10. Bd3 {C11: French: Classical System: 4 e5 and 4 Bg5 dxe4} Qb6 11. Bf2 Bb7 (11... h6 12. a3 O-O 13. O-O Ra7 14. Rae1 b4 15. axb4 Qxb4 16. f5 exf5 17. Bxf5 Nb6 {1-0 (30) Harikrishna,P (2768)-Bluebaum,M (2641) Novi Sad 2016}) 12. O-O {The position is equal.} h6 13. Rae1 Bxf2+ 14. Rxf2 Nc5 15. a3 $146 Rd8 16. b4 Nxd3 ({Black should try} 16... Nxb4 $1 $15 17. axb4 Ne4 18. Nxe4 dxe4) 17. cxd3 $11 O-O 18. d4 f6 (18... Ne7 $11) 19. exf6 $16 Rxf6 20. Ne2 Ne7 21. Ng3 Bc8 22. Ne5 {[%cal Bf3e5,Be5d3,Bd3c5][%mdl 32]} Bd7 23. h3 Rff8 (23... Be8 $1 $14) 24. Qe3 Be8 25. Nd3 Rf6 26. Nc5 {[%cal Rc5e6]} Bf7 27. Qd2 Bg6 28. Rfe2 $36 {[%cal Re2e6][%mdl 2048] Black is under strong pressure.} Bf7 29. Nf1 {[%cal Bg3f1,Bf1h2,Bh2f3][%mdl 32]} Nf5 30. Nh2 {Ng4 is the strong threat.} Ng3 31. Re5 Ne4 32. Qe3 ({Don't do} 32. Nxe4 $6 dxe4 33. Ng4 (33. R1xe4 Bg6 $11) 33... Rxd4 $14) 32... h5 {[#]} 33. Nf3 $1 ({Much less strong is} 33. Nxe4 $6 dxe4 34. Rxe4 Bg6 $16) 33... Nd6 34. Qc1 (34. Ng5 $18) 34... Nf5 (34... Nc4 $16 {might work better.}) 35. Qd2 Nd6 36. Qc1 Nf5 $1 37. Kh2 Rd6 38. Qd2 Ne7 39. Rg5 Nf5 (39... Qc7 {keeps fighting.} 40. Ne5 Be8) 40. Ne5 $18 Be8 41. g4 hxg4 42. hxg4 Nh6 43. Kg2 Qc7 44. Rc1 {[%cal Be1c1,Bc1c3,Bc3e3,Be3e6][%mdl 32]} Qe7 45. Kg3 Rf8 46. Qe3 Rf6 47. Rc3 Nf7 48. Nxf7 Rxf7 $2 {[#]} (48... Qxf7 49. Qe5 Rc6) 49. Qe5 Rc6 50. Re3 Bd7 (50... Qf6 {was worth a try.} 51. Rh5 (51. Nxe6 Rxe6 52. Qxe6 Qxf4+ 53. Kg2 Qf1+ 54. Kg3 Qf4+ 55. Kh4 Qh2+ 56. Rh3 Qf2+ 57. Rg3 Qh2+ 58. Rh3 Qf2+ 59. Rg3 Qh2+ 60. Rh3 $11) 51... Qxe5 52. Rhxe5 Bd7 53. Nxd7 Rxd7 54. Rxe6 Rdc7 55. Rxc6 Rxc6) 51. Rg6 Qd8 52. Nxd7 Qxd7 53. Rxe6 Rxe6 54. Qxe6 Qxe6 55. Rxe6 {KR-KR} Rc7 {and the idea ...Rc3+ leaves Black hopeful.} 56. Rxa6 Rc3+ (56... Rc4 $142 57. f5 Kf7) 57. Kh4 {White is clearly winning.} Rd3 58. Kg5 Rxd4 59. Rb6 {Precision: White = 81%, Black = 45%.} 1-0

[Event "EICC 2017"]
[Site "Minsk"]
[Date "2017.06.06"]
[Round "7"]
[White "Riazantsev, Alexander"]
[Black "Hracek, Zbynek"]
[Result "1/2-1/2"]
[WhiteElo "2659"]
[BlackElo "2612"]
[Annotator "TA"]
[PlyCount "38"]
[EventDate "2017.??.??"]
[EventCountry "BLR"]
[SourceTitle "playchess.com"]
[Source "ChessBase"]
[SourceQuality "1"]

{[%evp 14,38,32,0,13,0,23,7,18,12,34,0,0,0,0,0,0,0,0,0,9,0,0,0,0,0,0]} 1. d4 Nf6 2. c4 e6 3. Nc3 Bb4 4. Qc2 O-O 5. a3 Bxc3+ 6. Qxc3 d6 {[%cal Bd7d6,Bd6d5][%mdl 32]} 7. f3 d5 {E32: Nimzo-Indian: Classical (4 Qc2): 4...0-0} 8. e3 {LiveBook: 3 Games} (8. cxd5 exd5 9. e3 a5 10. Bd2 b6 11. Rc1 c6 12. Bd3 Ba6 13. Ne2 Bxd3 14. Qxd3 Qd7 15. O-O {0-1 (39) Laznicka,V (2651)-Tomashevsky,E (2731) Baku 2016}) 8... Re8 {[%cal Bf8e8,Be8e5,Be5d5,Bd5d7][%mdl 32]} 9. Nh3 $146 ({Predecessor:} 9. Bd3 Nc6 10. f4 a5 11. Nf3 Nb4 12. Bb1 c5 13. dxc5 Ne4 14. Qd4 Nc6 15. Qd3 {0-1 (50) Pataki,G (2323)-Acs,P (2567) Hungary 2014}) 9... Nc6 (9... c5 $5) 10. Nf4 e5 11. dxe5 Rxe5 (11... Nxe5 $5 {[%cal Rd5d4]} 12. cxd5 Bf5 $11) 12. cxd5 Nxd5 {The position is equal.} 13. Nxd5 Rxd5 14. Be2 Qh4+ 15. g3 Qh3 {[#] Threatens to win with ...Qg2.} 16. Kf2 Be6 17. e4 Rd7 $1 18. Be3 Rad8 19. Qc5 f5 1/2-1/2

[Event "EICC 2017"]
[Site "Minsk"]
[Date "2017.06.06"]
[Round "7"]
[White "Kovalenko, Igor"]
[Black "Matlakov, Maxim"]
[Result "1/2-1/2"]
[WhiteElo "2657"]
[BlackElo "2714"]
[Annotator "TA"]
[PlyCount "131"]
[EventDate "2017.??.??"]
[EventCountry "BLR"]
[SourceTitle "playchess.com"]
[Source "ChessBase"]
[SourceQuality "1"]

{[%evp 17,131,4,9,0,16,4,7,20,17,-22,18,0,0,0,27,12,18,18,37,43,47,45,31,45,77,99,90,18,18,18,18,14,19,3,3,3,3,2,7,0,0,0,0,0,0,0,0,0,0,0,0,0,0,0,11,0,0,0,0,0,0,0,0,0,11,16,22,8,8,8,22,0,0,0,0,0,0,0,0,0,0,0,0,0,0,0,0,0,0,0,8,8,8,8,8,8,8,8,8,8,8,8,8,8,8,8,8,7,7,0,0,0,0,0,0,0]} 1. e4 e5 2. Nf3 Nc6 3. Bb5 a6 4. Bxc6 dxc6 5. O-O Bd6 6. d4 exd4 7. Qxd4 f6 8. Be3 Ne7 9. Nbd2 Be6 {LiveBook: 193 Games} 10. Qc3 {C68: Ruy Lopez: Exchange Variation, sidelines} Qd7 11. Rfd1 $146 ({Predecessor:} 11. Nc4 Bxc4 12. Qxc4 Ng6 13. Nd4 Ne5 14. Qb3 O-O-O 15. Nf5 g6 16. Nxd6+ Qxd6 17. h3 g5 {½-½ (55) Solak,D (2628)-Wojtaszek,R (2748) Reykjavik 2015}) 11... Ng6 12. Nd4 O-O-O 13. N2b3 Bxb3 14. Qxb3 {Strongly threatening Ne6.} ({But not} 14. Nxb3 Qg4 $15) 14... Bf4 15. Rd2 Bxe3 16. Qxe3 c5 17. Nb3 Qb5 18. Qxc5 Qxc5 19. Rxd8+ Rxd8 20. Nxc5 $14 {[%mdl 4096] Endgame KRN-KRN} Rd4 {[#]} 21. Ne6 $1 {[%cal Re6d4]} Rc4 22. Rc1 ({Better is} 22. Rd1 $16 {[%csl Ge6][%cal Rd1d8]} Kb8 23. Nxg7) 22... Rxe4 $11 {The position is equal.} 23. Nxg7 Nf4 24. Kf1 Nxg2 $1 25. Nh5 Rh4 26. Nxf6 Rxh2 27. Ke2 Rh6 28. Nd5 c6 29. Rg1 Re6+ 30. Ne3 Nxe3 31. fxe3 {KR-KR} Kd7 32. Rh1 h6 33. Rh2 Ke7 34. a4 a5 35. b3 Kd6 36. Rh5 b6 37. Kf3 Rf6+ 38. Ke4 Re6+ 39. Kd4 Ke7 40. e4 Rd6+ 41. Ke3 Rg6 42. c3 Kd7 43. Rh3 Kd6 44. Kd4 c5+ 45. Kd3 Ke5 46. Ke3 Rg5 47. Rxh6 {[#] Threatens to win with Kd3.} Rg3+ 48. Kd2 Kxe4 49. Re6+ Kd5 50. Rxb6 Rg2+ 51. Kd3 Rg3+ 52. Kc2 Rg2+ 53. Kb1 c4 54. b4 axb4 55. Rxb4 ({Don't blunder} 55. cxb4 $2 c3 $19) 55... Kc5 56. Rb8 Kc6 57. Rc8+ Kb6 58. Rxc4 Ka5 59. Rd4 Rh2 60. Kc1 Ra2 61. Rd8 Rxa4 62. Ra8+ Kb5 63. Rxa4 Kxa4 64. Kc2 $1 {[%cal Rc2d3] Intending Kd3 and mate.} Kb5 65. Kd3 {White wants to mate with Kd4.} Kc5 66. c4 {Precision: White = 63%, Black = 83%.} 1/2-1/2

[Event "EICC 2017"]
[Site "Minsk"]
[Date "2017.06.06"]
[Round "7"]
[White "Jones, Gawain C B"]
[Black "Pantsulaia, Levan"]
[Result "1-0"]
[WhiteElo "2654"]
[BlackElo "2594"]
[Annotator "TA"]
[PlyCount "71"]
[EventDate "2017.??.??"]
[EventCountry "BLR"]
[SourceTitle "playchess.com"]
[Source "ChessBase"]
[SourceQuality "1"]

{[%evp 19,71,79,72,35,63,0,0,0,27,27,27,27,27,27,25,25,33,40,10,-1,-1,-2,94,98,262,265,276,280,272,270,252,251,257,244,245,250,243,186,232,91,245,244,229,163,324,333,349,340,335,330,328,328,320,307]} 1. c4 Nf6 2. Nc3 c5 3. Nf3 e6 4. g3 b6 5. Bg2 Bb7 6. O-O d6 7. Re1 Nbd7 {[%cal Bb8d7,Bd7e5,Be5f3][%mdl 32] A30: Symmetrical English: Double Fianchetto and Hedgehog} 8. e4 Ne5 (8... Rc8 9. b3 a6 10. d4 cxd4 11. Nxd4 g6 12. e5 Bxg2 13. exf6 Ba8 14. Bg5 Ne5 15. Nxe6 fxe6 16. Rxe5 {0-1 (68) So,W (2760)-Durarbayli,V (2618) Las Vegas 2015}) 9. d4 Nxf3+ 10. Bxf3 cxd4 {LiveBook: 4 Games} 11. Nb5 $146 ({Predecessor:} 11. Qxd4 Be7 12. b3 O-O 13. Ba3 Qb8 14. Rad1 Rd8 15. Re3 {1-0 (36) Vaganian,R (2585)-Hjartarson,J (2550) Bayern 1991}) 11... Nd7 12. e5 (12. Qxd4 $14 Ne5 13. Be2) 12... Bxf3 $11 13. Qxf3 dxe5 {[#] Hoping for ...Bb4.} 14. Qxa8 $1 {[%mdl 512]} Qxa8 15. Nc7+ Kd8 16. Nxa8 Bd6 17. Bd2 Ke7 18. Nxb6 $1 axb6 19. a4 {[%cal Ba2a4,Ba4a5][%mdl 32]} Nc5 {Threatens to win with ...Nb3.} 20. b4 $36 {[%cal Bb2b4,Bb4b5][%mdl 2080] Black is under pressure.} Nd3 (20... Nb3 $11 {keeps the balance.} 21. Bg5+ f6) 21. Reb1 $1 $16 Rc8 $2 (21... e4 $16) 22. a5 $18 Rxc4 23. axb6 Rc6 24. Ra7+ Kf6 25. b5 Rxb6 26. Ba5 $1 {[%cal Ra5b6]} Rb8 27. Rd7 Be7 28. Rb3 e4 {[#] ...Nc5 is the strong threat.} 29. Rxd4 (29. Bc7 $1 $18) 29... Nc5 $2 (29... Nc1 $16 {keeps fighting.} 30. Rb2 Rxb5 31. Rxb5 Ne2+ 32. Kf1 Nxd4) 30. Rb1 e5 31. Rc4 Rb7 $2 (31... Ke6 {was called for.} 32. b6 g6) 32. b6 {White has a decisive advantage.} Ke6 33. Rb5 Kd5 34. Rc1 Kc6 {[#]} 35. Rbxc5+ $1 Bxc5 36. Bb4 $1 {Precision: White = 65%, Black = 35%.} 1-0

[Event "EICC 2017"]
[Site "Minsk"]
[Date "2017.06.06"]
[Round "7"]
[White "Kravtsiv, Martyn"]
[Black "Predke, Alexandr"]
[Result "1/2-1/2"]
[WhiteElo "2653"]
[BlackElo "2566"]
[Annotator "TA"]
[PlyCount "104"]
[EventDate "2017.??.??"]
[EventCountry "BLR"]
[SourceTitle "playchess.com"]
[Source "ChessBase"]
[SourceQuality "1"]

{[%evp 31,104,0,0,4,4,0,0,0,0,0,0,0,0,0,0,0,0,0,0,-12,0,0,0,0,7,0,0,0,0,-4,-5,-4,0,-8,-8,-49,-25,-93,-70,-62,-63,-119,-23,-23,-23,-22,-20,-18,-18,-18,-8,-20,-8,-8,-8,-8,-8,-8,-8,-8,0,-6,-3,-8,0,0,0,0,0,-8,-8,-19,-19,-19,-8]} 1. Nf3 Nf6 2. g3 b6 3. Bg2 Bb7 4. O-O e6 5. c4 c5 6. Nc3 Be7 7. Re1 d5 8. cxd5 Nxd5 9. e4 Nb4 10. d4 cxd4 11. Nxd4 N8c6 12. Nxc6 {A30: Symmetrical English: Double Fianchetto and Hedgehog} Qxd1 13. Rxd1 Bxc6 14. Bf4 (14. Rb1 Rd8 15. Rxd8+ Kxd8 16. a3 Nd3 17. Be3 Kc7 18. f4 a5 19. e5 Rd8 20. Bxc6 Kxc6 {½-½ (28) So,W (2773)-Carlsen,M (2844) Wijk aan Zee 2016}) 14... g5 15. Bd6 Bxd6 16. Rxd6 Ke7 {LiveBook: 5 Games} 17. Rad1 Rhd8 18. R6d4 a5 19. a3 {[#] Strongly threatening Rxd8.} Nc2 $146 ({Predecessor:} 19... Na6) 20. Rc4 Rac8 21. Rxd8 Kxd8 22. f3 e5 {And now ...Ne3 would win.} (22... Ne3 $5 {[%cal Re3c4]} 23. Rd4+ Ke7 $11) 23. Kf2 Nd4 24. Nd1 b5 25. Rc3 Bd7 26. Bf1 Bc6 27. Ne3 Bd7 28. Rxc8+ Bxc8 $11 {[%mdl 4096] Endgame KBN-KBN} 29. Nd5 (29. f4 $5) 29... Be6 30. Nc3 b4 31. axb4 axb4 32. Ne2 Nb3 33. f4 f6 34. fxe5 (34. Ng1 $11 {keeps the balance.}) 34... fxe5 $17 35. Ng1 {With the idea Nf3.} g4 $1 36. Ke3 {[#]} ({White should try} 36. h3 $15) 36... Ke7 (36... Kc7 $1 $17 37. h3 Nc5) 37. h3 $11 Nc5 38. hxg4 Na4 {The position is equal.} 39. Nf3 Kd6 40. Ng5 $1 Nxb2 41. Nxh7 Nd1+ 42. Kd2 Nf2 43. Ng5 Bg8 44. Be2 Ke7 45. Nf3 Kd6 46. Ng5 b3 47. Kc3 Ke7 48. Kb2 Kf6 49. Nf3 Nxe4 50. g5+ Nxg5 51. Nxe5 Kxe5 52. Bd1 Ne4 {Precision: White = 61%, Black = 66%.} 1/2-1/2

[Event "EICC 2017"]
[Site "Minsk"]
[Date "2017.06.06"]
[Round "7"]
[White "Sargissian, Gabriel"]
[Black "Kryakvin, Dmitry"]
[Result "1/2-1/2"]
[WhiteElo "2650"]
[BlackElo "2560"]
[Annotator "TA"]
[PlyCount "123"]
[EventDate "2017.??.??"]
[EventCountry "BLR"]
[SourceTitle "playchess.com"]
[Source "ChessBase"]
[SourceQuality "1"]

{[%evp 26,123,-46,-46,-54,-46,-29,-29,-45,-52,-67,-67,-52,-62,-67,-52,-62,-66,-58,-46,-57,-69,-16,-25,0,0,0,0,0,-71,0,0,0,0,0,-6,0,0,0,0,2,0,0,0,0,0,39,33,33,35,22,30,43,31,41,30,54,54,54,54,54,69,62,0,0,0,8,0,0,0,0,0,0,0,0,0,0,0,0,0,0,0,1,1,2,0,0,0,1,0,0,0,0,0,0,0,0,0,0,0]} 1. c4 Nf6 2. Nc3 e6 3. Nf3 b6 4. g3 Bb7 5. Bg2 Be7 6. O-O O-O 7. Re1 c5 8. e4 d6 9. d4 cxd4 10. Nxd4 Qc7 11. Be3 a6 12. Rc1 Nbd7 13. Nd5 {A30: Symmetrical English: Double Fianchetto and Hedgehog} (13. f4 Rac8 14. g4 Nc5 15. Bf2 g6 16. b4 Ncd7 17. f5 gxf5 18. gxf5 e5 19. Nde2 Kh8 20. Nd5 Nxd5 21. exd5 Rg8 22. Ng3 {1-0 (50) Jumabayev,R (2613)-Marin,M (2576) Almaty 2016}) 13... exd5 14. cxd5 {[%cal Bc4d5,Bd5c6,Bc6c7][%mdl 32] LiveBook: 3 Games} Qb8 15. Nc6 {Black is slightly better.} Bxc6 16. dxc6 Nc5 17. e5 dxe5 {[#] Hoping for ...Qc7.} 18. c7 $1 {[%cal Rc7b8][%mdl 512]} Qa7 {Threatens to win with ...Rac8.} ({Of course not} 18... Qxc7 $6 19. Bxa8 Rxa8 20. b4 $11) 19. Bxa8 Qxa8 20. b4 {[%cal Re3c5]} Ncd7 $146 ({Predecessor:} 20... Ne6 21. Bxb6 {1-0 (41) Reis,G (2175)-Ruecker,B (2239) Bayern 2010}) 21. Qa4 b5 22. Qc2 Rc8 23. Red1 $1 Qb7 ({Black should try} 23... Kf8 $15) 24. a3 h6 25. Qc6 $36 {[%mdl 2048] White is pushing.} Qxc6 26. Rxc6 Kf8 27. Rdc1 (27. Rxa6 $11 {keeps the balance.} Rxc7 28. Ra8+ Ne8 29. Rd5) 27... Ne8 (27... Nd5 $17) 28. Rd1 $11 Nef6 29. Kg2 Ke8 30. h3 Nf8 31. Rxa6 Ne6 32. Bb6 Ne4 33. Ba5 Nd4 34. Re1 f5 35. g4 Kd7 (35... Nc2 $5 {[%cal Rc2e1]} 36. Re2 Nxa3 $11) 36. gxf5 Nd6 $1 {[%cal Rd6c4]} 37. Rxe5 N4xf5 38. Rd5 g6 39. Rd3 Bf6 $1 40. Bb6 Be5 41. a4 bxa4 42. b5 $1 a3 43. Raxa3 Ke6 44. Ra5 (44. Ra6 $14) 44... Nc4 {The position is equal.} 45. Ra6 Nfd6 46. Bd4 Bxd4 47. Rxd4 Rxc7 48. Rc6 Kd7 49. Rxc7+ Kxc7 50. Rf4 Kb6 51. Rf6 Kxb5 52. Rxg6 Nf7 53. Kg3 Ncd6 54. Re6 Kc6 55. Re2 Ng5 56. Kg4 Kd7 57. Ra2 Ke6 58. Ra6 Nge4 59. Kh5 Nxf2 60. h4 Ke5 61. Kg6 (61. Ra2 $5 {[%cal Ra2f2]} Nfe4 62. Kxh6 $11) 61... Ng4 62. Kh5 {Precision: White = 84%, Black = 76%.} 1/2-1/2